Sports Quiz

Random Sports or WWE Quiz
Score 0/51 Timer 08:00
0 Plays Today
Match Participant % Correct
Match 7 - 6 Man TagKazuchika Okada
83.1%
Match 4 - 6 Man TagBad Luck Fale
80%
Match 9 - Intercontinental TitleJay White
80%
Match 6 - 10 Man TagTama Tonga
79.2%
Match 9 - Intercontinental TitleTetsuya Naito
79.2%
Match 7 - 6 Man TagEVIL
77.7%
Match 5 - 8 Man TagMinoru Suzuki
76.2%
Match 7 - 6 Man TagSANADA
76.2%
Match 5 - 8 Man TagHiroshi Tanahashi
75.4%
Match 6 - 10 Man TagTanga Loa
74.6%
Match 9 - Intercontinental TitleGedo
74.6%
Match 6 - 10 Man TagSHO
73.8%
Match 6 - 10 Man TagWill Ospreay
72.3%
Match 6 - 10 Man TagTomohiro Ishii
71.5%
Match 4 - 6 Man TagYujiro Takahashi
70.8%
Match 4 - 6 Man TagChase Owens
69.2%
Match 5 - 8 Man TagZack Sabre Jr.
69.2%
Match 8 - SinglesHirooki Goto
69.2%
Match 9 - Intercontinental TitleHirooki Goto
69.2%
Match 6 - 10 Man TagKENTA
68.5%
Match 7 - 6 Man TagBUSHI
68.5%
Match 6 - 10 Man TagYOH
67.7%
Match 6 - 10 Man TagJado
66.9%
Match 8 - SinglesShingo Takagi
63.1%
Match 5 - 8 Man TagRocky Romero
62.3%
Other TalentKevin Kelly
60.8%
Match Participant % Correct
Match 6 - 10 Man TagYOSHI-HASHI
60%
Match 6 - 10 Man TagEl Phantasmo
58.5%
Match 3 - 12th Young Lion Cup League MatchShota Umino
57.7%
Match 6 - 10 Man TagTaiji Ishimori
57.7%
Match 7 - 6 Man TagKota Ibushi
56.9%
Match 2 - 12th Young Lion Cup League MatchRen Narita
56.2%
Match 5 - 8 Man TagJushin Thunder Liger
54.6%
Match 7 - 6 Man TagRobbie Eagles
52.3%
Match 4 - 6 Man TagTogi Makabe
51.5%
Match 5 - 8 Man TagYoshinobu Kanemaru
49.2%
Match 4 - 6 Man TagTomoaki Honma
44.6%
Match 3 - 12th Young Lion Cup League MatchKarl Fredericks
43.8%
Match 2 - 12th Young Lion Cup League MatchClark Connors
42.3%
Match 1 - 6 Man TagYuji Nagata
38.5%
Other TalentGino Gambino
37.7%
Match 4 - 6 Man TagPieter
37.7%
Match 5 - 8 Man TagDOUKI
36.9%
Other TalentChris Charlton
33.8%
Match 5 - 8 Man TagTiger Mask
33.1%
Match 1 - 6 Man TagYota Tsuji
32.3%
Match 1 - 6 Man TagManabu Nakanishi
31.5%
Match 4 - 6 Man TagToa Henare
31.5%
Match 1 - 6 Man TagYuya Uemura
29.2%
Match 1 - 6 Man TagAlex Coughlin
26.9%
Match 1 - 6 Man TagMichael Richards
26.2%

You're not logged in!

Compare scores with friends on all Sporcle quizzes.
OR
Log In

Sporcle TV

Today on Sporcle TV


Watch our educational content, quiz creation guides, and fun videos on Sporcle TV.

Show Comments

Extras

Top Quizzes Today


Score Distribution

Paid Content

Your Account Isn't Verified!

In order to create a playlist on Sporcle, you need to verify the email address you used during registration. Go to your Sporcle Settings to finish the process.

Report this User

Report this user for behavior that violates our Community Guidelines.

Details: